100 Biggest Cities in the USA - Statistics

General Stats
  • This quiz has been taken 4,795 times
  • The average score is 59 of 100
Answers on the Map
Answers color-coded by a green-red scale on the quiz's map according to % correct below.
 
Answer Stats
Population City State % Correct
8,323,340 New York NY
97%
4,015,940 Los Angeles CA
95%
2,694,240 Chicago IL
94%
2,340,890 Houston TX
92%
1,382,270 Dallas TX
91%
486,388 Miami FL
91%
1,591,800 Philadelphia PA
90%
1,703,080 Phoenix AZ
90%
710,195 Boston MA
89%
896,047 San Francisco CA
89%
783,137 Seattle WA
89%
734,134 Denver CO
88%
662,000 Las Vegas NV
88%
1,447,100 San Diego CA
88%
523,738 Atlanta GA
86%
988,218 Austin TX
86%
667,272 Detroit MI
86%
720,687 Washington DC
86%
875,929 Indianapolis IN
84%
664,103 Portland OR
84%
1,578,030 San Antonio TX
84%
655,407 Oklahoma City OK
83%
390,128 New Orleans LA
82%
926,371 Jacksonville FL
81%
505,198 Kansas City MO
81%
673,167 Nashville TN
81%
437,069 Minneapolis MN
80%
291,739 Orlando FL
79%
590,479 Baltimore MD
78%
922,223 Columbus OH
78%
647,374 Memphis TN
78%
521,769 Sacramento CA
78%
413,704 Tampa FL
78%
905,318 Charlotte NC
77%
1,033,670 San Jose CA
77%
306,487 | 379,233 Cleveland OH
76%
342,933 Honolulu HI
76%
561,188 Albuquerque NM
74%
685,575 El Paso TX
74%
585,589 Milwaukee WI
73%
293,792 St Louis MO
71%
932,116 Fort Worth TX
70%
294,860 Pittsburgh PA
69%
624,890 Louisville KY
68%
481,958 Raleigh NC
68%
485,946 Colorado Springs CO
63%
470,702 Omaha NE
63%
234,576 Boise ID
62%
232,055 Richmond VA
62%
255,244 Buffalo NY
61%
396,543 Tulsa OK
61%
285,634 Anchorage AK
59%
538,195 Fresno CA
58%
447,841 Virginia Beach VA
58%
435,224 Oakland CA
57%
311,895 St Paul MN
56%
260,258 Reno NV
55%
388,771 Wichita KS
53%
264,030 Madison WI
51%
282,862 Newark NJ
51%
293,905 Lincoln NE
50%
527,666 Mesa AZ
50%
463,218 Long Beach CA
49%
402,762 Arlington TX
46%
390,233 Bakersfield CA
45%
271,099 Jersey City NJ
43%
251,762 Winston-Salem NC
43%
325,406 Corpus Christi TX
41%
270,651 Toledo OH
40%
553,871 Tuscon AZ
40%
328,690 Lexington KY
39%
299,946 Greensboro NC
37%
336,285 Riverside CA
36%
331,165 San Juan PR
35%
271,842 St Petersburg FL
35%
382,742 Aurora CO
34%
282,737 Durham NC
34%
270,989 Fort Wayne IN
34%
253,923 North Las Vegas NV
34%
242,234 Norfolk VA
33%
330,389 Santa Ana CA
32%
316,996 Stockton CA
30%
330,084 Henderson NV
29%
303,956 Irvine CA
29%
262,222 Scottsdale AZ
29%
254,500 Glendale AZ
28%
264,703 Laredo TX
27%
260,823 Lubbock TX
27%
277,289 Chula Vista CA
25%
243,738 Irving TX
25%
288,539 Plano TX
25%
268,675 Chandler AZ
23%
248,106 Chesapeake VA
23%
239,525 Fremont CA
22%
258,935 Gilbert AZ
21%
246,627 Garland TX
19%
243,208 Hialeah FL
19%
233,689 Paradise NV
17%
352,911 Anahiem CA
16%
No matching quizzes found
Score Distribution
Percent of People with Each Score
Percentile by Number Answered
Your Score History
You have not taken this quiz